AFL How Many Premierships - Statistics

General Stats
  • This quiz has been taken 1,397 times
  • The average score is 18 of 19
Answer Stats
Club No. Premierships % Correct
Carlton 16
99%
Collingwood 15
98%
Essendon 16
98%
Adelaide Crows 2
97%
Brisbane Lions 3
97%
Fremantle Dockers 0
96%
Gold Coast Suns 0
96%
GWS Giants 0
96%
Fitzroy 8
95%
Geelong Cats 9
95%
Hawthorn 13
94%
Port Adelaide 1
93%
St Kilda 1
93%
Melbourne 12
93%
North Melbourne 4
92%
Richmond 10
91%
West Coast Eagles 3
91%
Bulldogs/Footscray 2
90%
Sydney/South Melbourne 5
90%
No matching quizzes found
Score Distribution
Percent of People with Each Score
Percentile by Number Answered
Your Score History
You have not taken this quiz